000 00459nam a2200133Ia 4500
008 220216s9999 xx 000 0 und d
100 _aGeorge K.T.
245 4 _aThe Natural rubber sector: Emerging issues in 1990s
260 _bIn: Kerala's economic development: Issues and problems.(Ed. B.A. Prakash). Sage Publications, New Delhi, pp. 186-199.
_c1999
650 _aKerala
650 _aRubber plantation industry
650 _aSmallholdings
942 _cBS
999 _c52429
_d52429